Statistics for British Royal Air Force (RAF) Ranks

Click here to take the quiz!

General Stats

  • This quiz has been taken 1,064 times
    (696 since last reset)
  • The average score is 12 of 24

Answer Stats

Rank% Correct
Corporal
76%
Sergeant
76%
Squadron Leader
76%
Wing Commander
74%
Air Marshal
70%
Pilot Officer
69%
Flight Lieutenant
66%
Flying Officer
66%
Flight Sergeant
65%
Warrant Officer
65%
Group Captain
62%
Air Commodore
60%
Air Vice-Marshal
59%
Lance Corporal (RAF Regiment)
50%
Air Chief-Marshal
49%
Marshal of the Royal Air Force
42%
Senior Aircraftman
38%
Leading Aircraftman
37%
Chief Technician
27%
Junior Technician
21%
Senior Aircraftman (Technician)
15%
RAF Flight Sergeant Aircrew
3%
RAF Master Aircrew
3%
RAF Sergeant Aircrew
3%

Score Distribution

Percentile by Number Answered

Percent of People with Each Score

Your Score History

You have not taken this quiz since the last reset